Central Library OPAC University of Rajshahi
Normal view MARC view

Entry Personal Name

Number of records used in: 2

001 - CONTROL NUMBER

  • control field: 15485

003 - CONTROL NUMBER IDENTIFIER

  • control field: BD-RjUL

005 - DATE AND TIME OF LATEST TRANSACTION

  • control field: 20250518112530.0

008 - FIXED-LENGTH DATA ELEMENTS

  • fixed length control field: 250518|| aca||aabn | a|a d

040 ## - CATALOGING SOURCE

  • Original cataloging agency: BD-RjUL
  • Transcribing agency: BD-RjUL

100 ## - HEADING--PERSONAL NAME

  • Personal name: Percival, James Gates,
  • Dates associated with a name: 1795-1856

670 ## - SOURCE DATA FOUND

  • Source citation: Work cat.: (BD-RjUL)84935: Lowell, James Russell, 1819-1891. 15481, My study windows./, [c1899]